000 00285nam a2200109Ia 4500
008 171211s9999 xx 000 0 und d
245 _aStretching Dynamique
245 _cFrenette
260 _c1990
650 _xMartial Arts
856 _uhttp://down.ebook777.com/065/9782907736039.pdf
999 _c348172
_d348172